000 00954cam a2200277 a 4500
001 000011401
005 20250611121345.0
008 920515s1976 pr a 000 0 spa
020 _a0847729079
035 _a(DLC) 92160548
040 _aDO-SdBNP
_bspa
_cDLC
_dBNPHU
082 _a302.2
_bO58p, 1976
100 1 _aO'Neill, Ana María,
_d1894-1981.
_927024
245 1 0 _aPsicología de la comunicación /
_cAna María O'Neill.
260 _aRio Piedras, (Puerto Rico) :
_bUniversidad de Puerto Rico,
_c1976.
300 _a540 p. :
_bil. ;
_c22 cm.
500 _aOctava reimpresión en el año, 1991.
650 0 _aPsicología social
_91574
650 0 _aComunicación
_9378
650 4 _aComunicación
_xAspectos psicológicos
_927025
650 4 _aComunicación interpersonal
_921034
650 4 _aMedios de comunicación de masas
_950
650 4 _aProcesamiento de la información
_927026
910 _aCatalogación derivada
049 _aBNGR
999 _c11107
_d11107